000 00544nam a22001937a 4500
005 20251108173103.0
008 250721s2003 xx 000 0 ara d
082 1 4 _a818.02/ عوا
100 1 _aعواضة، رضا ديب
245 1 0 _aبيادر العمر /
250 _aط/2.
264 1 _aبيروت :
_bرشاد برس للطباعة و النشر و التوزيع،
_c2003.
300 _a448ص.
650 1 7 _aالأمثال
650 1 7 _aالأدب العربي
650 1 7 _aالحكم
942 _2ddc
_cBK
999 _c95746
_d95746